Missing Word: 'Crazy' Songs Quiz Stats

 Plays Quiz Updated Jul 29, 2015

Challenge
Share
Tweet
Embed
Score 0/20 Timer 04:00
0 Plays Today
Song Title Answer % Correct
Crazy In ____Love
99.2%
(____ Drive Me) CrazyYou
97.4%
Crazy ____ Thing Called LoveLittle
87%
Let's ____ CrazyGo
83.9%
Your Love is ____ Me CrazyDriving
79.4%
Must Have ____ CrazyBeen
76%
Crazy ____Train
49.1%
Crazy About ____Her
36.4%
____ U CrazyR
34.1%
____ Are CrazyPeople
28.1%
Song Title Answer % Correct
Crazy ____ LoveStupid
17.3%
____ Weer All Crazee Now*Mama
14.6%
Crazy Crazy ____Nights
14.3%
I ____ CrazyWant
14%
Crazy ____Town
13.3%
Crazy ____Horses
11.1%
____ CrazyGoin'
9%
Crazy ____ LifeBeautiful
6.5%
Crazy ____Cool
5%
Crazy ____Water
4.2%

Today's Daily Dose

You're not logged in!

Compare scores with friends on all Sporcle quizzes.
Join for Free
OR
Log In

You Might Also Like...

Show Comments

Extras

Top Quizzes Today


Score Distribution

Your Account Isn't Verified!

In order to create a playlist on Sporcle, you need to verify the email address you used during registration. Go to your Sporcle Settings to finish the process.

Report this User

Report this user for behavior that violates our Community Guidelines.

Details: